Statistiques concernant Gagnez les Élections Américaines !

Cliquez ici pour prendre le quiz!

Statistiques générales

  • Ce quiz a été pris 9 957 fois
  • Le résultat moyen est 169 sur 538

Réponses sur la Carte

Les réponses sont colorées sur une échelle allant du rouge au vert en fonction du pourcentage des utilisateurs qui les ont devinées à leur premier essai. Vous pouvez retrouver ces pourcentages ci-dessous.
 

Statistiques - réponses

#Réponse% Correct
55Californie
85%
38Texas
82%
29New York
73%
29Floride
69%
12Washington
38%
3Alaska
27%
6Nevada
27%
18Ohio
26%
4Maine
24%
7Oregon
24%
20Pennsylvanie 
24%
20Illinois
21%
16Michigan
19%
11Arizona
18%
6Utah
16%
16Géorgie
15%
14New Jersey
14%
9Alabama
13%
9Colorado
12%
6Iowa
12%
5Nebraska
12%
15Caroline du Nord
11%
4Idaho
11%
13Virginie
11%
3Montana
10%
4Hawaï
9%
8Louisiane
9%
3Montana
9%
6Arkansas
8%
3Dakota du Nord
8%
6Kansas
8%
10Wisconsin
8%
10Minnesota
7%
5Nouveau-Mexique
7%
9Caroline du Sud
6%
11Indiana
6%
11Massachusetts
6%
6Mississippi
6%
3Dakota du Sud
5%
3Vermont
5%
7Connecticut
4%
3Delaware
4%
10Maryland
4%
10Missouri
4%
7Oklahoma
4%
11Tennessee
4%
3Wyoming
4%
8Kentucky
3%
4New Hampshire
2%
4Rhode Island
2%
5Virginie-Occidentale
1%
3Washington, DC
1%

Distribution des résultats

Percentile par nombre de réponses

% des personnes avec chaque résultat

Votre développement - résultats

Vous n’avez pas pris ce quiz